Analýza on-line prostredia slovenského virtuálneho trhu projekt Destinatour 2013

Guardado en:
Detalles Bibliográficos
Autor principal: Dorčák, Peter, 1979-
Autor Corporativo: Slovenská marketingová asociácia, o.z
Otros Autores: Pollák, František, 1985-, Delina, Radoslav, Bačík, Radovan
Formato: Libro
Lenguaje:eslovaco
Publicado: [Prešov] [Bookman] 2013
Edición:1. vyd.
Materias:
Etiquetas: Agregar Etiqueta
Sin Etiquetas, Sea el primero en etiquetar este registro!

MARC

LEADER 00000nam a2200000 4500
001 0226916
005 20240502073735.4
020 |a 978-80-89568-82-6 
041 0 |a slo 
044 |a SK 
245 1 0 |a Analýza on-line prostredia slovenského virtuálneho trhu  |b projekt Destinatour 2013  |c Peter Dorčák, František Pollák ; recenzenti: Radoslav Delina, Radovan Bačík 
250 |a 1. vyd. 
264 1 |a [Prešov]  |b [Bookman]  |c 2013 
300 |a 86 s. [3,06 AH] 
610 2 0 |a marketing elektronický 
610 2 0 |a internet 
610 2 0 |a stránky webové 
100 1 |a Dorčák, Peter, 1979- 
700 1 |a Pollák, František, 1985- 
700 1 |a Delina, Radoslav 
700 1 |a Bačík, Radovan 
710 2 |a Slovenská marketingová asociácia, o.z.